Lenguaje de programación: (Registro nro. 9384)

Detalles MARC
000 -LEADER
fixed length control field 01058nam a2200217Ia 4500
005 - FECHA Y HORA DE LA ÚLTIMA TRANSACCIÓN
control field 20230917113909.0
008 - FIXED-LENGTH DATA ELEMENTS--GENERAL INFORMATION
fixed length control field 230912s9999 xx 000 0 und d
020 ## - INTERNATIONAL STANDARD BOOK NUMBER
International Standard Book Number 970-104-756-7
040 ## - CATALOGING SOURCE
Original cataloging agency UPAN
Transcribing agency Biblioteca San Vicente
Description conventions RCAA2
041 ## - LANGUAGE CODE
Language code of text/sound track or separate title spa
082 ## - DEWEY DECIMAL CLASSIFICATION NUMBER
Classification number 005.13
Item number T835l
año de publicación 2003
100 ## - MAIN ENTRY--PERSONAL NAME
Personal name Tucker, Allen.
Relator code aut.
245 #0 - TITLE STATEMENT
Title Lenguaje de programación:
Remainder of title Principios y paradigmas/
Statement of responsibility, etc A. Tucker, R. Noonan
250 ## - EDITION STATEMENT
Edition statement 1° ed.
260 ## - PUBLICATION, DISTRIBUTION, ETC. (IMPRINT)
Place of publication, distribution, etc España:
Name of publisher, distributor, etc McGraw Hill,
Date of publication, distribution, etc 2003
300 ## - PHYSICAL DESCRIPTION
Extent 445 p.;
Dimensions 24 cm
505 ## - FORMATTED CONTENTS NOTE
Formatted contents note Introducción<br/>1.Sintaxis 2.Sistemas de tipos y semántica 4. programación imperativa 5.Gestión de memoria 6.Manipulación de excepciones 7. Programación orientada a objetos 8.Programación funcional 9.Programación lógica 10 Programación guiada por eventos 11. Programación concurrente. <br/>Apéndice A: resumen de notaciones- Apéndice B: lenguaje Jay, descripción formal- Apéndice C: manual de java.
650 ## - SUBJECT ADDED ENTRY--TOPICAL TERM
Source of heading or term LEMB
General subdivision Programación (computadores electrónicos)
700 ## - ADDED ENTRY--PERSONAL NAME
Personal name Noonan, Robert
Relator code aut.
942 ## - ADDED ENTRY ELEMENTS (KOHA)
Koha item type Libros
Source of classification or shelving scheme Dewey Decimal Classification
Existencias
Withdrawn status Lost status Source of classification or shelving scheme Damaged status Not for loan Collection code Home library Current library Date acquired Total Checkouts Full call number Barcode Date last seen Copy number Price effective from Koha item type
    Dewey Decimal Classification     Colección General Biblioteca UPAN San Vicente Biblioteca UPAN San Vicente 12/09/2023   005.13 T835l 12000053 12/09/2023 01 12/09/2023 Libros